| 000 | 01318nam a2200229Ia 4500 | ||
|---|---|---|---|
| 008 | 220216s9999 xx 000 0 und d | ||
| 100 | _aJoseph R | ||
| 245 | 0 | _aUse of rubber seed oil in polychloroprene rubber compounds | |
| 260 |
_bIndian Journal of Natural Rubber Research _c2002 |
||
| 300 | _a143-149 | ||
| 520 | _aRubber seed oil has been evaluated as an acid acceptor and plasticizer in gum and carbon black filled polychloroprene compounds replacing magnesium oxide and naphthenic type process oil. The results of the study indicate that use of rubber seed oil helps to achieve better scorch safety, faster cure rate and better ageing resistance in polychloroprene compounds. It can replace magnesium oxide and process oil in carbon black filled polychloroprene compounds. Use of rubber seed oil gives comparable tensile and tear strength and better abrasion resistance for the carbon black filled polychloroprene vulcanisates. Vulcanisates containing rubber seed oil do not develop fungus on their surface. | ||
| 650 | _aAgeing resistance | ||
| 650 | _aEpoxidised rubber seed oil | ||
| 650 | _aFungal growth | ||
| 650 | _aPlasticizer | ||
| 650 | _aPolychloroprene rubber | ||
| 650 | _aRubber seed oil | ||
| 700 | _aAlex R | ||
| 700 | _aKuriakose Baby | ||
| 700 | _aPremalatha C K | ||
| 942 | _cJS | ||
| 999 |
_c71948 _d71948 |
||